000 00823cam a2200289 4500
001 1309
003 BD-RjUL
005 20211208233319.0
008 131125s1973 enk b 001 0 eng
020 _a0521087066
020 _a0521097371 (pbk.)
035 _a(BD-RjUL)1331
040 _aDLC
_cDLC
_dDLC
_dBD-RjUL
_beng
041 _aeng
082 0 0 _a121
_bARB 1973
100 1 _aArmstrong, D. M.
_q(David Malet),
_d1926-
_93161
245 1 0 _aBelief, truth and knowledge,
_c[by] D. M. Armstrong.
260 _aLondon :
_bCambridge University Press,
_c1973.
300 _aix, 228 p. ,
_c23 cm.
504 _aBibliography: p. 222-223.
650 0 _aKnowledge, Theory of.
_93877
650 0 _aBelief and doubt.
_93878
650 0 _aTruth.
_9362
942 _2ddc
_cBK
999 _c1309
_d1309